Quizzes
Events
Quiz Creation
Community
Videos
Private Events
Remove Ads
Sign In
Join for FREE
Feedback
Dark Mode
Quiz Categories
Sports
Geography
Music
Movies
Television
Just For Fun
Miscellaneous
History
Literature
Language
Science
Gaming
Entertainment
Religion
Holiday
For Kids
Quiz Lab
Recent
Popular Today
Quiz Kudos Today
Editor Picks
Curator Picks
Quizzes by...
Day
Popularity
Type
Ratings
Length
Year
Community
Subscriptions
Recent Discussions
Orange Saloon
Badges
Playlists
Quests
Create
Leaderboards
Showdown
Live 5
Trivia Bingo
Activity
Puzzle Library
Sporcle Events
Private Events
Virtual Trivia
Globe League
Become a Host
Pub Owners
SporcleCon
Opinionation
Our Games
Videos
Blog
Mobile Apps
Partnerships
Remove Ads and Go Orange
Feedback
Sports
Athletes
MLB
NBA
NHL
NFL
Soccer
Sports Teams
WWE
NCAA
Football
Premier League
Basketball
Baseball
Hockey
Golf
Tennis
Cricket
Rugby
Auto Racing
Olympics
World Cup
Sports
Athletes
MLB
NBA
NHL
NFL
Soccer
Sports Teams
WWE
NCAA
Football
Premier League
Basketball
Baseball
Hockey
Golf
Tennis
Cricket
Rugby
Auto Racing
Olympics
World Cup
Random Quiz
Search Sporcle
×
Quiz Lab
Quiz Lab
Sports
WWE
Type in answers that appear in a list
Type in answers that appear in a list
Classic
Best Score? Go Orange.
Chris Jericho's WWE Opponents Stats
Can you name the WWE Opponents of Y2J Chris Jericho Part 3 (2002-2004)??
By
CosmoBrown
15m
200 Questions
547 Plays
547 Plays
547 Plays
Comments
Comments
Give Quiz Kudos
Give Quiz Kudos
-
- Ratings
hide this ad
Replay
Link that replays current quiz
Next Quiz
Link to next quiz in quiz playlist
You Got
0%
They Got
Avg Score
84%
Avg Friend Score
Upgrade to see
Score Distribution
Jump to the score distribution portion of the page
Score
0/200
Timer
15:00
0
Plays Today
PPV or non-PPV
Wrestler
% Correct
Smackdown (14th Febuary 2002)
Kane
94.9%
Smackdown (28th Febuary 2002)
Kane
94.9%
Smackdown (7th March 2002)
Kane
94.9%
Raw (30th September 2002)
Kane
94.9%
Raw (7th October 2002)
Kane
94.9%
Raw (14th October 2002)
Kane
94.9%
Raw (4th November 2002)
Kane
94.9%
Raw (11th November 2002)
Kane
94.9%
Survivor Series (17th November 2002)
Kane
94.9%
Raw (6th January 2003)
Kane
94.9%
Raw (13th January 2003)
Kane
94.9%
Raw (10th March 2003)
Kane
94.9%
Raw (19th May 2003)
Kane
94.9%
Judgement Day (18th May 2003)
Kane
94.9%
Raw (15th December 2003)
Kane
94.9%
Raw (16th Febuary 2004)
Kane
94.9%
Smackdown (7th Febuary 2002)
Triple H
94.5%
Smackdown (28th Febuary 2002)
Triple H
94.5%
Wrestlemania 18 (17th March 2002)
Triple H
94.5%
Raw (25th March 2002)
Triple H
94.5%
Smackdown (18th April 2002)
Triple H
94.5%
Smackdown (25th April 2002)
Triple H
94.5%
Smackdown (16th May 2002)
Triple H
94.5%
Judgement Day (19th May 2002)
Triple H
94.5%
Survivor Series (17th November 2002)
Triple H
94.5%
Summerslam (24th August 2003)
Triple H
94.5%
Survivor Series (17th November 2002)
Shawn Michaels
94%
Raw (17th Febuary 2003)
Shawn Michaels
94%
Wrestlemania 19 (30th March 2003)
Shawn Michaels
94%
Raw (7th April 2003)
Shawn Michaels
94%
Backlash (27th April 2003)
Shawn Michaels
94%
Judgement Day (18th May 2003)
Christian
94%
Raw (21st July 2003)
Shawn Michaels
94%
Summerslam (24th August 2003)
Shawn Michaels
94%
Raw (1st September 2003)
Christian
94%
Unforgiven (21st September 2003)
Christian
94%
Survivor Series (16th November 2003)
Shawn Michaels
94%
Wrestlemania 20 (14th March 2004)
Christian
94%
Summerslam (24th August 2003)
Randy Orton
93.6%
Raw (26th January 2004)
Randy Orton
93.6%
Raw (4th Febuary 2002)
The Rock
93.4%
Smackdown (4th April 2002)
The Rock
93.4%
No Mercy (20th October 2002)
Booker T
92.1%
Raw (21st October 2002)
Booker T
92.1%
Raw (4th November 2002)
Booker T
92.1%
Survivor Series (17th November 2002)
Booker T
92.1%
Raw (18th November 2002)
Booker T
92.1%
Armageddon (15th December 2002)
Booker T
92.1%
Raw (16th December 2002)
Booker T
92.1%
Raw (23rd December 2002)
Booker T
92.1%
Raw (31st March 2003)
Booker T
92.1%
Raw (7th April 2003)
Booker T
92.1%
Backlash (27th April 2003)
Booker T
92.1%
Raw (2nd June 2003)
Booker T
92.1%
Judgement Day (18th May 2003)
Booker T
92.1%
Raw (16th June 2003)
Booker T
92.1%
Raw (13th October 2003)
Booker T
92.1%
Raw (3rd November 2003)
Booker T
92.1%
Raw (10th November 2003)
Booker T
92.1%
Survivor Series (16th November 2003)
Booker T
92.1%
Raw (11th Febuary 2002)
Edge
91.8%
Smackdown (11th April 2002)
Edge
91.8%
Smackdown (16th May 2002)
Edge
91.8%
Smackdown (6th June 2002)
Edge
91.8%
Smackdown (25th July 2002)
Edge
91.8%
Global Warning (10th August 2002)
Edge
91.8%
Raw (4th Febuary 2002)
Stone Cold Steve Austin
91.4%
PPV or non-PPV
Wrestler
% Correct
No Way Out (17th Febuary 2002)
Stone Cold Steve Austin
91.4%
Raw (25th Febuary 2002)
Kurt Angle
91%
Smackdown (28th March 2002)
Matt Hardy
90.7%
Raw (26th August 2002)
Jeff Hardy
90.7%
Raw (9th September 2002)
Jeff Hardy
90.7%
Raw (7th October 2002)
Jeff Hardy
90.7%
Raw (28th October 2002)
Jeff Hardy
90.7%
Raw (10th Febuary 2003)
Jeff Hardy
90.7%
Raw (17th Febuary 2003)
Jeff Hardy
90.7%
No Way Out (23rd Febuary 2003)
Jeff Hardy
90.7%
Raw (9th Febuary 2004)
Matt Hardy
90.7%
Raw (13th January 2003)
Batista
89.9%
Raw (24th November 2003)
Batista
89.9%
Raw (26th January 2004)
Batista
89.9%
Raw (2nd Febuary 2004)
Batista
89.9%
Raw (12th August 2002)
Ric Flair
89.2%
Summerslam (25th August 2002)
Ric Flair
89.2%
Raw (2nd September 2002)
Ric Flair
89.2%
Unforgiven (22nd September 2002)
Ric Flair
89.2%
Raw (24th November 2003)
Ric Flair
89.2%
Raw (26th January 2004)
Ric Flair
89.2%
Raw (2nd Febuary 2004)
Ric Flair
89.2%
Raw (12th August 2002)
Bubba Ray Dudley
88.7%
Raw (7th October 2002)
Bubba Ray Dudley
88.7%
Raw (28th October 2002)
Bubba Ray Dudley
88.7%
Raw (25th November 2002)
Bubba Ray Dudley
88.7%
Raw (25th November 2002)
D-Von Dudley
88.7%
Raw (9th December 2002)
Bubba Ray Dudley
88.7%
Raw (9th December 2002)
D-Von Dudley
88.7%
Armageddon (15th December 2002)
Bubba Ray Dudley
88.7%
Armageddon (15th December 2002)
D-Von Dudley
88.7%
Raw (23rd June 2003)
Bubba Ray Dudley
88.7%
Raw (23rd June 2003)
D-Von Dudley
88.7%
Raw (13th October 2003)
Bubba Ray Dudley
88.7%
Raw (13th October 2003)
D-Von Dudley
88.7%
Survivor Series (16th November 2003)
Bubba Ray Dudley
88.7%
Survivor Series (16th November 2003)
D-Von Dudley
88.7%
Raw (8th December 2003)
Bubba Ray Dudley
88.7%
Raw (8th December 2003)
D-Von Dudley
88.7%
Smackdown (11th July 2002)
The Undertaker
88.3%
Raw (7th October 2002)
Spike Dudley
88.1%
Bad Blood (15th June 2003)
Goldberg
88.1%
Raw (16th June 2003)
Goldberg
88.1%
Summerslam (24th August 2003)
Goldberg
88.1%
Raw (22nd September 2003)
Goldberg
88.1%
Raw (19rh January 2004)
Goldberg
88.1%
Backlash (27th April 2003)
Kevin Nash
87%
Raw (12th May 2003)
Kevin Nash
87%
Raw (28th July 2003)
Kevin Nash
87%
Raw (18th August 2003)
Kevin Nash
87%
Summerslam (24th August 2003)
Kevin Nash
87%
Royal Rumble (25th January 2004)
Chris Benoit
86.8%
Raw (21st October 2002)
Trish Stratus
86.1%
Raw (9th December 2002)
Trish Stratus
86.1%
Armageddon (14th December 2003)
Trish Stratus
86.1%
Raw (15th December 2003)
Trish Stratus
86.1%
Raw (20th January 2003)
Test
84.6%
Raw (24th Febuary 2003)
Test
84.6%
Raw (3th March 2003)
Test
84.6%
Raw (17th March 2003)
Test
84.6%
Raw (14th April 2003)
Test
84.6%
Judgement Day (18th May 2003)
Test
84.6%
King of the Ring (23rd June 2002)
Rob Van Dam
84.1%
Raw (5th August 2002)
Rob Van Dam
84.1%
Raw (2nd September 2002)
Rob Van Dam
84.1%
Raw (9th September 2002)
Rob Van Dam
84.1%
Raw (16th September 2002)
Rob Van Dam
84.1%
PPV or non-PPV
Wrestler
% Correct
Raw (7th October 2002)
Rob Van Dam
84.1%
Raw (11th November 2002)
Rob Van Dam
84.1%
Survivor Series (17th November 2002)
Rob Van Dam
84.1%
Raw (18th November 2002)
Rob Van Dam
84.1%
Raw (6th January 2003)
Rob Van Dam
84.1%
Raw (13th January 2003)
Rob Van Dam
84.1%
Raw (10th March 2003)
Rob Van Dam
84.1%
Raw (19th May 2003)
Rob Van Dam
84.1%
Judgement Day (18th May 2003)
Rob Van Dam
84.1%
Raw (4th August 2003)
Rob Van Dam
84.1%
Raw (15th September 2003)
Rob Van Dam
84.1%
Unforgiven (21st September 2003)
Rob Van Dam
84.1%
Raw (6th October 2003)
Rob Van Dam
84.1%
Raw (20th October 2003)
Rob Van Dam
84.1%
Raw (27th October 2003)
Rob Van Dam
84.1%
Raw (27th October 2003)
Rob Van Dam
84.1%
Raw (3rd November 2003)
Rob Van Dam
84.1%
Survivor Series (16th November 2003)
Rob Van Dam
84.1%
Armageddon (14th December 2003)
Lita
83.7%
Raw (15th December 2003)
Lita
83.7%
Smackdown (4th July 2002)
John Cena
83.2%
Smackdown (11th July 2002)
John Cena
83.2%
Smackdown (18th July 2002)
John Cena
83.2%
Vengeance (21st July 2002)
John Cena
83.2%
Raw (23rd September 2002)
Goldust
82.4%
No Mercy (20th October 2002)
Goldust
82.4%
Raw (21st October 2002)
Goldust
82.4%
Armageddon (15th December 2002)
Goldust
82.4%
Raw (23rd December 2002)
Goldust
82.4%
Judgement Day (18th May 2003)
Goldust
82.4%
Raw (2nd June 2003)
Goldust
82.4%
Armageddon (15th December 2002)
William Regal
80.1%
Smackdown (18th April 2002)
Hollywood Hulk Hogan
78.6%
Smackdown (2nd May 2002)
Hollywood Hulk Hogan
78.6%
Smackdown (27th June 2002)
Hollywood Hulk Hogan
78.6%
Armageddon (15th December 2002)
Lance Storm
77.9%
Judgement Day (18th May 2003)
Lance Storm
77.9%
Raw (6th October 2003)
Lance Storm
77.9%
Raw (20th October 2003)
Lance Storm
77.9%
Raw (9th September 2002)
The Big Show
76.6%
Royal Rumble (19th January 2003)
Brock Lesnar
75.5%
Raw (25th August 2003)
Shane McMahon
75.3%
Raw (13th October 2003)
Shane McMahon
75.3%
Raw (14th October 2002)
The Hurricane
73.5%
Raw (21st April 2003)
The Hurricane
73.5%
Raw (5th January 2004)
The Hurricane
73.5%
Raw (3rd Febuary 2003)
Scott Steiner
70%
Raw (17th March 2003)
Scott Steiner
70%
Raw (30th June 2003)
Scott Steiner
70%
Smackdown (13th June 2002)
Val Venis
66.7%
Smackdown (20th June 2002)
Val Venis
66.7%
Judgement Day (18th May 2003)
Val Venis
66.7%
Raw (24th Febuary 2003)
Stacy Keibler
64.4%
Raw (30th June 2003)
Stacy Keibler
64.4%
Raw (9th Febuary 2004)
Molly Holly
63.3%
Raw (5th January 2004)
Rosey
58%
Smackdown (23rd May 2002)
Mark Henry
57.6%
Raw (12th January 2004)
Mark Henry
57.6%
Raw (19th January 2004)
Rene Dupree
46.3%
Smackdown (30th May 2002)
Faarooq
45.3%
Raw (1st December 2003)
Rico
40.8%
Raw (8th March 2004)
Steven Richards
38.2%
Raw (25th March 2002)
Stephanie McMahon Helmsley
33.6%
Smackdown (13th June 2002)
Billy Kidman
31.1%
Raw (1st December 2003)
Jackie Gayda
28.9%
Raw (7th July 2003)
Mark Jindrak
26.5%
Quiz Playlist
Details
Report
Send in Message
Add To Playlist
Classic:
Type in answers that appear in a list
Last Updated: Feb 16, 2017
Quiz Scoreboard
CHALLENGE
Sign Up to Join the Scoreboard
Show All
Scores
Hide
Comments
May contain spoilers
Recently Published
TV Characters by Other Roles V
by ghcgh
Television
5m
Decade Duel: World Leaders
by jenniferyan
History
4m
Alphabetical 'K' Countries by Flag Minefield
by ylime102
Geography
3m
More to Explore
Quiz From the Vault
Featured Blog Post
15 Basketball Trivia Facts You Can Be March Mad About
hide this ad
You Might Also Like...
Tags
WWE Quiz
chi
Jericho
Matching
opponent
PPV
Wrestlers
Today's Top Quizzes in Sports
Browse Sports
hide this ad
Today's Top Quizzes in WWE
Browse WWE
Top Contributed Quizzes in Sports
1
Les joueurs à 100 buts en Ligue 1 Uber Eats
2
2022 World Cup Stars
3
Pick 6: NFL Teams
4
MLB 2 truths and a lie: Hall of Fame pitchers
5
Pick 6: Minor League Baseball
6
Millionaire: NBA Finals Edition
7
Pick 6: Olympics
8
50+ Goals in European Competition
9
Click the 1998 NBA Draft
10
Iconic Moments in Football - Multiple Choice
Explore More
Trending Topics
NBA
Anime
Harry Potter
Marvel
Kpop
Crossword
Disney
Puzzle
Country
The Office
Pokémon
Song
WWE
Soccer
NFL
hide this ad
More By:
CosmoBrown
Quiz
Plays
Rating
Category
Featured
Created
Every WWE Royal Rumble Entrant Ever! (1988-2015)
94,351
3.67
Sports
May 17, 2011
Wrestlemania & Starrcade Wrestlers
50,672
4.40
Sports
Feb 23, 2011
Wrestlers to have beaten HHH in the WWE
12,421
3.68
Sports
Aug 17, 2011
Wrestlers to have beaten Steve Austin in the WWE
9,242
4.12
Sports
Aug 28, 2011
Wrestlers to have wrestled on both WWE and TNA PPVs
6,704
3.23
Sports
May 7, 2011
Go to Creator's Profile
Score Distribution
Quiz Creator Spotlight
CosmoBrown
Follow
Send a Message
Quizzes Created
-
Created Quiz Play Count
-
More By This Creator
Popular Quizzes Today
1
Countries of Asia Without Outlines Minefield
2
Find the US States - No Outlines Minefield
3
Pick 6: Fruits
4
The Countries of the World
5
Find the Countries of Europe - No Outlines Minefield
6
Alphabetical 'K' Countries by Flag Minefield
7
US States
8
Find the US States
More Sports Quizzes
A Decade of Hockey Champions (2010s)
Quiz Lab
Trending Quizzes
Pick 6: Mountains
Pick 6: Harry Potter
Pick 6: NFL Teams
Pick 6: Flags
C Names for Actors
Recently Updated
Adaptations: Name the Title
pecheneg
NWSL Teams
pecheneg
Women's Final Four Teams by Year
bhenderson79
Presidents Quartet II
eogle
Anything But Clue(do)
eogle
Anything But Oceanian Capitals
eogle
Anything But 7
eogle
Anything But Thing
eogle
Word Ladder: February 29
pecheneg
Song Title Questions
pecheneg
Trending Topics
Anime
Disney
Marvel
Harry Potter
Crossword
Kpop
NBA
Puzzle
Song
The Office
WWE
Country
Pokémon
Soccer
NFL
Your Account Isn't Verified!
In order to create a playlist on Sporcle, you need to verify the email address you used during registration. Go to your
Sporcle Settings
to finish the process.
Report this User
Report this user for behavior that violates our
Community Guidelines
.
Details:
Send Report
Go to the Sporcle.com Mobile Site →
Comments